Qisasul Quran (Record no. 2061)

MARC details
000 -LEADER
fixed length control field 00620nam a2200253 a 4500
020 ## - INTERNATIONAL STANDARD BOOK NUMBER
ISBN
082 00 - DEWEY DECIMAL CLASSIFICATION NUMBER
Classification number 297.24
Author Cutter RAS
100 ## - MAIN ENTRY--AUTHOR NAME
Author name Rashidul Khairi,
245 ## - TITLE STATEMENT
Title Qisasul Quran
260 ## - PUBLICATION, DISTRIBUTION, ETC. (IMPRINT)
Place of publication Lucknow
Name of publisher No Publisher
Year of publication 0000
300 ## - PHYSICAL DESCRIPTION
Number of Pages 116p
500 ## - GENERAL NOTE
General note includes index and biblioraphy
505 2# - FORMATTED CONTENTS NOTE
Formatted contents note scn book club study project.3
650 ## - SUBJECT ADDED ENTRY--TOPICAL TERM
Topical Term Biography-Prophets
650 ## - SUBJECT ADDED ENTRY--TOPICAL TERM
Topical Term Prophets-Biography
942 ## - ADDED ENTRY ELEMENTS (KOHA)
Koha item type Books
700 1# -
-- Rashidul Khairi,
Holdings
Collection code Home library Current library Date acquired Cost, normal purchase price Full call number Accession Number Koha item type
  Henry Martyn Institute Library Henry Martyn Institute Library 07/19/2007 2.00 297.24 RAS 03638 Books
                   Copyright © 2026 | Henry Martyn Institute | Hyderabad | TS-500052 | INDIA | Implemented by hmi.edu.in
Hit-Count:

Powered by Koha